Vplyv pandémie na vývoj nezamestnanosti na vybrané kraje Slovenskej republiky bakalárska práca

Salvato in:
Dettagli Bibliografici
Autore principale: Ocetníková, Viktória
Ente Autore: Podnikovohospodárska fakulta EU so sídlom v Košiciach. Katedra ekonómie a manažmentu
Altri autori: Bžanová, Klaudia, 1997-
Natura: Libro
Lingua:slovacco
Pubblicazione: Košice 2024
Tags: Aggiungi Tag
Nessun Tag, puoi essere il primo ad aggiungerne!!

MARC

LEADER 00000nbm a2200000 4500
001 0301535
005 20250303083506.8
041 0 |a slo 
044 |a SK 
245 1 0 |a Vplyv pandémie na vývoj nezamestnanosti na vybrané kraje Slovenskej republiky  |b bakalárska práca  |c Viktória Ocetníková ; školiteľ: Klaudia Bžanová 
264 1 |a Košice  |c 2024 
300 |a 42 s. 
100 1 |a Ocetníková, Viktória 
700 1 |a Bžanová, Klaudia, 1997- 
710 2 |a Podnikovohospodárska fakulta EU so sídlom v Košiciach. Katedra ekonómie a manažmentu